|
|
|
|
| LEADER |
01146naa a2200277 i 4500 |
| 001 |
acta76181 |
| 005 |
20221108134836.0 |
| 008 |
220711s2021 hu o 1|| eng d |
| 020 |
|
|
|a 978-963-306-790-1
|
| 040 |
|
|
|a SZTE Egyetemi Kiadványok Repozitórium
|b hun
|
| 041 |
|
|
|a eng
|
| 100 |
1 |
|
|a Berényi Attila
|
| 245 |
1 |
0 |
|a Natural Fusarium toxin contamination of wheat in Southern part of Hungary
|h [elektronikus dokumentum] /
|c Berényi Attila
|
| 260 |
|
|
|a University of Szeged Faculty of Agriculture
|b Hódmezővásárhely
|c 2021
|
| 300 |
|
|
|a 19
|
| 490 |
0 |
|
|a Wellmann International Scientific Conference
|
| 650 |
|
4 |
|a Mezőgazdaság-tudományok
|
| 650 |
|
4 |
|a Mezőgazdaság, erdészet, halászat
|
| 695 |
|
|
|a Növénybetegség - gombák - előadáskivonat, Búzatermesztés - előadáskivonat
|
| 700 |
0 |
1 |
|a Mesterházy Ákos
|e aut
|
| 700 |
0 |
1 |
|a Cseuz László
|e aut
|
| 700 |
0 |
1 |
|a Tóth Beáta
|e aut
|
| 700 |
0 |
1 |
|a Vágvölgyi Csaba
|e aut
|
| 700 |
0 |
1 |
|a Meszlényi Tamás
|e aut
|
| 710 |
|
|
|a Wellmann International Scientific Conference (18.) (2021)
|
| 856 |
4 |
0 |
|u http://acta.bibl.u-szeged.hu/76181/1/wellmann_abstracts_2021_019.pdf
|z Dokumentum-elérés
|